| 000 | 00540nam a22001817a 4500 | ||
|---|---|---|---|
| 005 | 20140507111932.0 | ||
| 010 | _aENG-109882 | ||
| 020 |
_a9788184983289 _c395.00 |
||
| 035 | _aEN-93415 | ||
| 037 | _bDBAD/PUB | ||
| 082 | _a641.5972 | ||
| 100 | _aNaware, Rajashree | ||
| 245 | 0 | 0 |
_aMexican cooking / _cby Rajashree Naware |
| 260 |
_aPune _bMehta Publishing House _c2012 |
||
| 270 |
_a1941, Sadashiv Peth, Mediwalie Colony _bPune _e411030 |
||
| 300 |
_a112p. : _c24cm(pbk) _bcol. photos |
||
| 942 |
_2ddc _cEN _mNAW _h641.5972 |
||
| 999 |
_c83759 _d83759 |
||